Tilastot visalle Kuopion kaupunginosat

Klikkaa tästä pelataksesi tätä visaa!

Yleistilastot

  • Tätä visaa on pelattu 361 kertaa
  • Keskiarvotulos 17 / 50

Vastaustilastot

NroKaupunginosa% Oikein
27Puijo
85%
7Niirala
65%
26Neulamäki
62%
12Puijonlaakso
62%
25Jynkkä
59%
21Julkula
52%
10Männistö
51%
50Nilsiä
49%
20Päiväranta
49%
24Levänen
46%
8Haapaniemi
45%
43Karttula
44%
60Maaninka
43%
34Pirtti
43%
15Särkiniemi
43%
28Niuva
42%
23Kelloniemi
41%
35Pitkälahti
41%
18Rönö
41%
1Väinölänniemi
41%
30Kolmisoppi
40%
11Linnanpelto
38%
13Savilahti
38%
70Juankoski
37%
19Rypysuo
37%
42Vehmersalmi
37%
16Kettulanlahti
35%
36Hiltulanlahti
34%
9Itkonniemi
34%
40Melalahti
30%
32Litmanen
28%
51Tahko
27%
6Hatsala
26%
3Maljalahti
25%
4Multimäki
24%
17Rahusenkangas
24%
29Neulaniemi
23%
41Kurkimäki
22%
33Lehtoniemi
22%
37Rautaniemi
22%
2Vahtivuori
19%
5Kuopionlahti
17%
22Sorsasalo
17%
72Muuruvesi
15%
31Neulalampi
14%
39Vanuvuori
11%
14Peipposenrinne
10%
71Säyneinen
10%
61Keskisaari
4%
38Kiviharju
1%

Tulosjakauma

Persentiili vastausten määrän mukaan

Jokaisen tuloksen saaneiden osuus

Tuloshistoriasi

Et ole pelannut tätä visaa